000 00633nam a2200277Ia 4500
005 20260324150644.0
008 008 260324s9999 xx 000 0 eng d
020 _a9781315007045
037 _aEBOOK
040 _aCRL
040 _beng
040 _cCRL
041 _2eng
041 _aeng
084 _qCRL
100 _aDennis Chapman
_91226124
245 0 _aHome & Social Status Ils 111
260 _bTaylor and Francis
260 _c1955
365 _a
365 _b350
856 _uhttp://www.taylorfrancis.com/books/9781315007045
942 _cEBOOK
999 _c1837002
_d1837002